Старообрядцы Санкт-Петербурга и Ленинградской области в XX веке (Запись № 12796315)

Подробности
000 -МАРКЕР
контрольное поле 03314nam0a2200421 4500
001 - ИДЕНТИФИКАТОР ЗАПИСИ
контрольное поле RU\NLR\BIBL_A\022117335
005 - ИДЕНТИФИКАТОР ВЕРСИИ
контрольное поле 20240209145747.0
010 ## - МЕЖДУНАРОДНЫЙ СТАНДАРТНЫЙ НОМЕР КНИГИ (ISBN)
Номер (ISBN) 978-5-6050693-0-0
Тираж 500
021 ## - НОМЕР ГОСУДАРСТВЕННОЙ РЕГИСТРАЦИИ
Код страны Российская Федерация
Номер КН-П-23-080786
Номер Листа государственной регистраци КН-П-23-8199
035 ## - ДРУГИЕ СИСТЕМНЫЕ НОМЕРА
Идентификатор записи (NLR Aleph) 022117335
035 ## - ДРУГИЕ СИСТЕМНЫЕ НОМЕРА
Идентификатор записи (RuMoRGB)012450638
100 ## - ДАННЫЕ ОБЩЕЙ ОБРАБОТКИ
Данные общей обработки 20240126d2023 u y0rusy50 ca
101 0# - ЯЗЫК РЕСУРСА
Язык текста, звукозаписи и т.д. русский
102 ## - СТРАНА ПУБЛИКАЦИИ ИЛИ ПРОИЗВОДСТВА
Страна публикации Российская Федерация
105 ## - ПОЛЕ КОДИРОВАННЫХ ДАННЫХ: ТЕКСТОВЫЕ МАТЕРИАЛЫ, МОНОГРАФИЧЕСКИЕ
Кодированные данные о монографическом текстовом документе a g 000yd
181 #0 - ПОЛЕ КОДИРОВАННЫХ ДАННЫХ: ВИД СОДЕРЖАНИЯ
Код вида содержания (ISBD) i3
Код характеристики содержания (ISBD) axxe
182 #0 - ПОЛЕ КОДИРОВАННЫХ ДАННЫХ: ТИП СРЕДСТВА
Код типа средства (ISBD) n - непосредственное
200 1# - ЗАГЛАВИЕ И СВЕДЕНИЯ ОБ ОТВЕТСТВЕННОСТИ
Основное заглавие Старообрядцы Санкт-Петербурга и Ленинградской области в XX веке
Сведения, относящиеся к заглавию история старообрядческих общин в Санкт-Петербурге и Ленинградской области
-- справочник
Первые сведения об ответственности М. В. Шкаровский
Последующие сведения об ответственности Архивный комитет Санкт-Петербурга, Центральный государственный архив Санкт-Петербурга, Общество старообрядческой культуры имени братьев Денисовых
203 ## - ВИД СОДЕРЖАНИЯ И ТИП СРЕДСТВА
Вид содержания Текст
Дополнительные сведения об издании визуальный
Тип средства непосредственный
210 ## - ПУБЛИКАЦИЯ, РАСПРОСТРАНЕНИЕ И ДР.
Место издания, распространения и т.д. Санкт-Петербург
Имя издателя, распространителя и т. д. Археодоксiя
Дата издания, распространения и т.д. 2023
215 ## - ФИЗИЧЕСКАЯ ХАРАКТЕРИСТИКА
Специфическое обозначение материала и объем 365 с.
Другие сведения о физической характеристике ил.
Размеры 23
320 ## - ПРИМЕЧАНИЯ О НАЛИЧИИ В ДОКУМЕНТЕ БИБЛИОГРАФИИ / УКАЗАТЕЛЯ
Текст примечания Библиогр. в примеч.: с. 347-365 и в тексте
330 ## - РЕЗЮМЕ ИЛИ РЕФЕРАТ
Текст примечания Архивный справочник посвящен истории старообрядческих общин в Санкт-Петербурге и Ленинградской области - регионах значительного распространения этой конфессии, где ее традиции всегда отличались прочностью. В работе охвачен главным образом советский период - с 1917 по 1991 гг., в научный оборот вводятся новые архивные документы, прежде всего, за первые послереволюционные десятилетия. Издание рассчитано на научных работников, верующих-старообрядцев, а также всех читателей, интересующихся церковной историей
606 1# - НАИМЕНОВАНИЕ ТЕМЫ КАК ПРЕДМЕТ
Наименование темы Старообрядчество
Формальный подзаголовок Справочники
Тематический подзаголовок История
Географический подзаголовок Ленинградская область
Системный номер авторитетной/нормативной записи 2438598
Идентификатор авторитетной/нормативной записи RU\NLR\AUTH\6601668854
606 1# - НАИМЕНОВАНИЕ ТЕМЫ КАК ПРЕДМЕТ
Наименование темы Старообрядчество
Формальный подзаголовок Справочники
Тематический подзаголовок История
Географический подзаголовок Санкт-Петербург, город
Системный номер авторитетной/нормативной записи 2579054
Идентификатор авторитетной/нормативной записи RU\NLR\AUTH\6601735495
675 ## - УНИВЕРСАЛЬНАЯ ДЕСЯТИЧНАЯ КЛАССИФИКАЦИЯ (UDC/УДК)
Индекс 271.22(470.23)
Издание 4
686 2# - ИНДЕКСЫ ДРУГИХ КЛАССИФИКАЦИЙ
Индекс Э372.242-39(2-2СПб)я2
686 2# - ИНДЕКСЫ ДРУГИХ КЛАССИФИКАЦИЙ
Индекс Э372.242-39(2Р-4Ле)я2
700 #1 - ИМЯ ЛИЦА - ПЕРВИЧНАЯ ОТВЕТСТВЕННОСТЬ
Графика поля Кириллица
Материалы, к которым относится поле rus
Начальный элемент ввода Шкаровский
Часть имени, кроме начального элемента ввода М. В.
Даты 1961-
Расширение инициалов личного имени Михаил Витальевич
Системный номер авторитетной/нормативной записи 124643
Идентификатор авторитетной/нормативной записи RU\NLR\AUTH\7714981
942 ## - ДОПОЛНИТЕЛЬНЫЕ ЭЛЕМЕНТЫ ЗАПИСИ (АБИС)
Тип экземпляра АБИС Книга
980 ## - КОЛЛЕКЦИЯ
Название коллекции Национальная библиография
Экземпляры
Тип экземпляра Дата поступления Источник поступления Стоимость Библиотека постоянного хранения Библиотека текущего хранения Место хранения Шифр хранения Штрих-код Статус экземпляра
Книга 26.01.2024 Обязательный экземпляр 0.00 РНБ (Московский) РНБ (Московский) Русский книжный фонд: издания с 1957 года 2024-5/517 1-4460914  
Книга 26.01.2024 Обязательный экземпляр 0.00 РНБ (Московский) РНБ (Московский) Русский книжный фонд: издания с 1957 года 2024-5/517 1-4460915